Journal of college science teaching

Bibliographic Details
Format: Electronic Journal
Language:English
Published: Arlington, VA : National Science Teachers Association
Subjects:
Online Access:Full text available from Research Library: 03/01/1997 to present

MARC

LEADER 00000nas a2200000 a 4500
001 ssj0012601
003 WaSeSS
005 20200512172242.0
006 m d
007 cr n
008 000702c19719999vaubx pss 0 a0eng c
010 |a  2008212210 
016 7 |a 2067224-X  |2 DE-600 
022 |a 1943-4898  |l 0047-231X  |y 0047-231X 
030 |a JSCTBN 
035 |a (WaSeSS)ssj0012601 
037 |a 22573/ctsf2kwj  |b JSTOR 
040 |a HNK  |b eng  |c HNK  |d OCL  |d OCLCQ  |d UV0  |d NSD  |d LGG  |d OCLCQ  |d DEBBG  |d OCLCQ  |d OCLCF  |d OCLCO  |d TEF  |d OCLCQ  |d AU@  |d WaSeSS 
042 |a nsdp  |a pcc 
043 |a n-us--- 
050 1 4 |a Q183.U6  |b J68 
082 0 |a 507/.11/73 
130 0 |a Journal of college science teaching (Online) 
222 0 |a Journal of college science teaching  |b (Online) 
245 1 0 |a Journal of college science teaching  |h [electronic resource]. 
246 3 0 |a College science teaching 
246 1 3 |a JCST 
260 |a Arlington, VA :  |b National Science Teachers Association 
310 |a Six issues yearly 
362 1 |a Began with vol. 1, no. 1 (Oct. 1971). 
506 |a License restrictions may limit access. 
538 |a Mode of access: World Wide Web. 
588 |a Description based on: Vol. 1, no. 1 (Oct. 1971); title from cover (JSTOR, viewed Aug. 4, 2015). 
588 |a Latest issue consulted: Vol. 40, no. 6 (July/Aug. 2011) (viewed Aug. 4, 2015). 
650 0 |a Science  |x Study and teaching (Higher)  |z United States  |v Periodicals. 
650 7 |a Science  |x Study and teaching (Higher)  |2 fast  |0 (OCoLC)fst01108455 
651 7 |a United States.  |2 fast  |0 (OCoLC)fst01204155 
655 0 |a Electronic journals. 
776 1 |t Journal of college science teaching  |x 0047-231X  |w (DLC) 70616515  |w (OCoLC)1783456 
856 4 0 |z Full text available from Research Library: 03/01/1997 to present  |u https://search.proquest.com/publication/49226